<?xml version="1.0" encoding="UTF-8"?>
<collection xmlns="http://www.loc.gov/MARC21/slim">
 <record>
  <leader>16701nas a22015011  4500</leader>
  <controlfield tag="001">1/50155</controlfield>
  <controlfield tag="008">020610c19  9999gr mrzp           g0gre d</controlfield>
  <datafield tag="022" ind1=" " ind2=" ">
   <subfield code="a">1106-1383</subfield>
  </datafield>
  <datafield tag="035" ind1=" " ind2=" ">
   <subfield code="l">22954</subfield>
  </datafield>
  <datafield tag="040" ind1=" " ind2=" ">
   <subfield code="a">GR-PeUP</subfield>
  </datafield>
  <datafield tag="090" ind1=" " ind2=" ">
   <subfield code="a">Αλφαβητική σειρά</subfield>
  </datafield>
  <datafield tag="245" ind1="0" ind2="0">
   <subfield code="a">Διαβάζω</subfield>
  </datafield>
  <datafield tag="260" ind1=" " ind2=" ">
   <subfield code="a">Αθήνα :</subfield>
   <subfield code="b">Γαβαλάς, Γιώργος &amp; ΣΙΑ Ε.Ε.,</subfield>
   <subfield code="c">[19--]</subfield>
  </datafield>
  <datafield tag="300" ind1=" " ind2=" ">
   <subfield code="a">τ. :</subfield>
   <subfield code="b">εικ. ;</subfield>
   <subfield code="c">24 εκ.</subfield>
  </datafield>
  <datafield tag="310" ind1=" " ind2=" ">
   <subfield code="a">Μηνιαίο</subfield>
  </datafield>
  <datafield tag="362" ind1="0" ind2=" ">
   <subfield code="a">Τχ. 143 (Μάϊος 1986) - τχ. (Δεκ. 1987)</subfield>
  </datafield>
  <datafield tag="362" ind1="0" ind2=" ">
   <subfield code="a">Τχ. (Ιούλ. 1992) - τχ. 446 (Δεκ. 2003)</subfield>
  </datafield>
  <datafield tag="362" ind1="0" ind2=" ">
   <subfield code="a">Τχ. 447 (Ιαν. 2004)-</subfield>
  </datafield>
  <datafield tag="546" ind1=" " ind2=" ">
   <subfield code="a">Ελληνική</subfield>
  </datafield>
  <datafield tag="651" ind1=" " ind2="4">
   <subfield code="a">Βιβλία</subfield>
   <subfield code="x">Κριτικές</subfield>
   <subfield code="y">Ελλάδα</subfield>
   <subfield code="v">Περιοδικά.</subfield>
  </datafield>
  <datafield tag="852" ind1=" " ind2=" ">
   <subfield code="a">INST</subfield>
   <subfield code="b">UNIPILB</subfield>
   <subfield code="c">SERIALS</subfield>
   <subfield code="e">20041122</subfield>
   <subfield code="h">Αλφαβητική σειρά</subfield>
   <subfield code="p">37814</subfield>
   <subfield code="q">37814</subfield>
   <subfield code="t">NOLOAN</subfield>
   <subfield code="v">τεύχ.447:(Μήνας)Ιανουάριος;(Έτος)2004</subfield>
   <subfield code="y">23</subfield>
  </datafield>
  <datafield tag="852" ind1=" " ind2=" ">
   <subfield code="a">INST</subfield>
   <subfield code="b">UNIPILB</subfield>
   <subfield code="c">SERIALS</subfield>
   <subfield code="e">20041122</subfield>
   <subfield code="h">Αλφαβητική σειρά</subfield>
   <subfield code="p">37815</subfield>
   <subfield code="q">37815</subfield>
   <subfield code="t">NOLOAN</subfield>
   <subfield code="v">τεύχ.448:(Μήνας)Φεβρουάριος;(Έτος)2004</subfield>
   <subfield code="y">23</subfield>
  </datafield>
  <datafield tag="852" ind1=" " ind2=" ">
   <subfield code="a">INST</subfield>
   <subfield code="b">UNIPILB</subfield>
   <subfield code="c">SERIALS</subfield>
   <subfield code="e">20041122</subfield>
   <subfield code="h">Αλφαβητική σειρά</subfield>
   <subfield code="p">37816</subfield>
   <subfield code="q">37816</subfield>
   <subfield code="t">NOLOAN</subfield>
   <subfield code="v">τεύχ.449:(Μήνας)Μάρτιος;(Έτος)2004</subfield>
   <subfield code="y">23</subfield>
  </datafield>
  <datafield tag="852" ind1=" " ind2=" ">
   <subfield code="a">INST</subfield>
   <subfield code="b">UNIPILB</subfield>
   <subfield code="c">SERIALS</subfield>
   <subfield code="e">20041122</subfield>
   <subfield code="h">Αλφαβητική σειρά</subfield>
   <subfield code="p">37817</subfield>
   <subfield code="q">37817</subfield>
   <subfield code="t">NOLOAN</subfield>
   <subfield code="v">τεύχ.450:(Μήνας)Απρίλιος;(Έτος)2004</subfield>
   <subfield code="y">23</subfield>
  </datafield>
  <datafield tag="852" ind1=" " ind2=" ">
   <subfield code="a">INST</subfield>
   <subfield code="b">UNIPILB</subfield>
   <subfield code="c">SERIALS</subfield>
   <subfield code="e">20041122</subfield>
   <subfield code="h">Αλφαβητική σειρά</subfield>
   <subfield code="p">37818</subfield>
   <subfield code="q">37818</subfield>
   <subfield code="t">NOLOAN</subfield>
   <subfield code="v">τεύχ.451:(Μήνας)Μάιος;(Έτος)2004</subfield>
   <subfield code="y">23</subfield>
  </datafield>
  <datafield tag="852" ind1=" " ind2=" ">
   <subfield code="a">INST</subfield>
   <subfield code="b">UNIPILB</subfield>
   <subfield code="c">SERIALS</subfield>
   <subfield code="e">20041122</subfield>
   <subfield code="h">Αλφαβητική σειρά</subfield>
   <subfield code="p">37819</subfield>
   <subfield code="q">37819</subfield>
   <subfield code="t">NOLOAN</subfield>
   <subfield code="v">τεύχ.452:(Μήνας)Ιούνιος;(Έτος)2004</subfield>
   <subfield code="y">23</subfield>
  </datafield>
  <datafield tag="852" ind1=" " ind2=" ">
   <subfield code="a">INST</subfield>
   <subfield code="b">UNIPILB</subfield>
   <subfield code="c">SERIALS</subfield>
   <subfield code="e">20041122</subfield>
   <subfield code="h">Αλφαβητική σειρά</subfield>
   <subfield code="p">37820</subfield>
   <subfield code="q">37820</subfield>
   <subfield code="t">NOLOAN</subfield>
   <subfield code="v">τεύχ.453:(Μήνες)Ιούλ./Αύγ.;(Έτος)2004</subfield>
   <subfield code="y">23</subfield>
  </datafield>
  <datafield tag="852" ind1=" " ind2=" ">
   <subfield code="a">INST</subfield>
   <subfield code="b">UNIPILB</subfield>
   <subfield code="c">SERIALS</subfield>
   <subfield code="e">20041122</subfield>
   <subfield code="h">Αλφαβητική σειρά</subfield>
   <subfield code="p">37821</subfield>
   <subfield code="q">37821</subfield>
   <subfield code="t">NOLOAN</subfield>
   <subfield code="v">τεύχ.454:(Μήνας)Σεπτέμβριος;(Έτος)2004</subfield>
   <subfield code="y">23</subfield>
  </datafield>
  <datafield tag="852" ind1=" " ind2=" ">
   <subfield code="a">INST</subfield>
   <subfield code="b">UNIPILB</subfield>
   <subfield code="c">SERIALS</subfield>
   <subfield code="e">20041122</subfield>
   <subfield code="h">Αλφαβητική σειρά</subfield>
   <subfield code="p">37822</subfield>
   <subfield code="q">37822</subfield>
   <subfield code="t">NOLOAN</subfield>
   <subfield code="v">τεύχ.455:(Μήνας)Οκτώβριος;(Έτος)2004</subfield>
   <subfield code="y">23</subfield>
  </datafield>
  <datafield tag="852" ind1=" " ind2=" ">
   <subfield code="a">INST</subfield>
   <subfield code="b">UNIPILB</subfield>
   <subfield code="c">SERIALS</subfield>
   <subfield code="e">20041122</subfield>
   <subfield code="h">Αλφαβητική σειρά</subfield>
   <subfield code="p">37823</subfield>
   <subfield code="q">37823</subfield>
   <subfield code="t">NOLOAN</subfield>
   <subfield code="v">τεύχ.456:(Μήνας)Νοέμβριος;(Έτος)2004</subfield>
   <subfield code="y">23</subfield>
  </datafield>
  <datafield tag="852" ind1=" " ind2=" ">
   <subfield code="a">INST</subfield>
   <subfield code="b">UNIPILB</subfield>
   <subfield code="c">SERIALS</subfield>
   <subfield code="e">20041221</subfield>
   <subfield code="h">Αλφαβητική σειρά</subfield>
   <subfield code="p">38608</subfield>
   <subfield code="q">38608</subfield>
   <subfield code="t">NOLOAN</subfield>
   <subfield code="v">τεύχ.457:(Μήνας)Δεκέμβριος;(Έτος)2004</subfield>
   <subfield code="y">23</subfield>
  </datafield>
  <datafield tag="852" ind1=" " ind2=" ">
   <subfield code="a">INST</subfield>
   <subfield code="b">UNIPILB</subfield>
   <subfield code="c">SERIALS</subfield>
   <subfield code="e">20060516</subfield>
   <subfield code="h">Αλφαβητική σειρά</subfield>
   <subfield code="p">51487</subfield>
   <subfield code="q">51487</subfield>
   <subfield code="t">NOLOAN</subfield>
   <subfield code="v">τεύχ.459:(Μήνας)Ιανουάριος;(Έτος)2006</subfield>
   <subfield code="y">23</subfield>
  </datafield>
  <datafield tag="852" ind1=" " ind2=" ">
   <subfield code="a">INST</subfield>
   <subfield code="b">UNIPILB</subfield>
   <subfield code="c">SERIALS</subfield>
   <subfield code="e">20060516</subfield>
   <subfield code="h">Αλφαβητική σειρά</subfield>
   <subfield code="p">51488</subfield>
   <subfield code="q">51488</subfield>
   <subfield code="t">NOLOAN</subfield>
   <subfield code="v">τεύχ.460:(Μήνας)Φεβρουάριος;(Έτος)2006</subfield>
   <subfield code="y">23</subfield>
  </datafield>
  <datafield tag="852" ind1=" " ind2=" ">
   <subfield code="a">INST</subfield>
   <subfield code="b">UNIPILB</subfield>
   <subfield code="c">SERIALS</subfield>
   <subfield code="e">20060516</subfield>
   <subfield code="h">Αλφαβητική σειρά</subfield>
   <subfield code="p">51489</subfield>
   <subfield code="q">51489</subfield>
   <subfield code="t">NOLOAN</subfield>
   <subfield code="v">τεύχ.461:(Μήνας)Μάρτιος;(Έτος)2006</subfield>
   <subfield code="y">23</subfield>
  </datafield>
  <datafield tag="852" ind1=" " ind2=" ">
   <subfield code="a">INST</subfield>
   <subfield code="b">UNIPILB</subfield>
   <subfield code="c">SERIALS</subfield>
   <subfield code="e">20060516</subfield>
   <subfield code="h">Αλφαβητική σειρά</subfield>
   <subfield code="p">51490</subfield>
   <subfield code="q">51490</subfield>
   <subfield code="t">NOLOAN</subfield>
   <subfield code="v">τεύχ.462:(Μήνας)Απρίλιος;(Έτος)2006</subfield>
   <subfield code="y">23</subfield>
  </datafield>
  <datafield tag="852" ind1=" " ind2=" ">
   <subfield code="a">INST</subfield>
   <subfield code="b">UNIPILB</subfield>
   <subfield code="c">SERIALS</subfield>
   <subfield code="e">20060519</subfield>
   <subfield code="h">Αλφαβητική σειρά</subfield>
   <subfield code="p">51613</subfield>
   <subfield code="q">51613</subfield>
   <subfield code="t">NOLOAN</subfield>
   <subfield code="v">τεύχ.463:(Μήνας)Μάιος;(Έτος)2006</subfield>
   <subfield code="y">23</subfield>
  </datafield>
  <datafield tag="852" ind1=" " ind2=" ">
   <subfield code="a">INST</subfield>
   <subfield code="b">UNIPILB</subfield>
   <subfield code="c">SERIALS</subfield>
   <subfield code="e">20060704</subfield>
   <subfield code="h">Αλφαβητική σειρά</subfield>
   <subfield code="p">51752</subfield>
   <subfield code="q">51752</subfield>
   <subfield code="t">NOLOAN</subfield>
   <subfield code="v">τεύχ.464:(Μήνας)Ιούνιος;(Έτος)2006</subfield>
   <subfield code="y">23</subfield>
  </datafield>
  <datafield tag="852" ind1=" " ind2=" ">
   <subfield code="a">INST</subfield>
   <subfield code="b">UNIPILB</subfield>
   <subfield code="c">SERIALS</subfield>
   <subfield code="e">20060712</subfield>
   <subfield code="h">Αλφαβητική σειρά</subfield>
   <subfield code="p">51922</subfield>
   <subfield code="q">51922</subfield>
   <subfield code="t">NOLOAN</subfield>
   <subfield code="v">τεύχ.465:(Μήνες)Ιούλ./Αύγ.;(Έτος)2006</subfield>
   <subfield code="y">23</subfield>
  </datafield>
  <datafield tag="852" ind1=" " ind2=" ">
   <subfield code="a">INST</subfield>
   <subfield code="b">UNIPILB</subfield>
   <subfield code="c">SERIALS</subfield>
   <subfield code="e">20060919</subfield>
   <subfield code="h">Αλφαβητική σειρά</subfield>
   <subfield code="p">52784</subfield>
   <subfield code="q">52784</subfield>
   <subfield code="t">NOLOAN</subfield>
   <subfield code="v">τεύχ.466:(Μήνας)Σεπτέμβριος;(Έτος)2006</subfield>
   <subfield code="y">23</subfield>
  </datafield>
  <datafield tag="852" ind1=" " ind2=" ">
   <subfield code="a">INST</subfield>
   <subfield code="b">UNIPILB</subfield>
   <subfield code="c">SERIALS</subfield>
   <subfield code="e">20061009</subfield>
   <subfield code="h">Αλφαβητική σειρά</subfield>
   <subfield code="p">53036</subfield>
   <subfield code="q">53036</subfield>
   <subfield code="t">NOLOAN</subfield>
   <subfield code="v">τεύχ.467:(Μήνας)Οκτώβριος;(Έτος)2006</subfield>
   <subfield code="y">23</subfield>
  </datafield>
  <datafield tag="852" ind1=" " ind2=" ">
   <subfield code="a">INST</subfield>
   <subfield code="b">UNIPILB</subfield>
   <subfield code="c">SERIALS</subfield>
   <subfield code="e">20061113</subfield>
   <subfield code="h">Αλφαβητική σειρά</subfield>
   <subfield code="p">53548</subfield>
   <subfield code="q">53548</subfield>
   <subfield code="t">NOLOAN</subfield>
   <subfield code="v">τεύχ.468:(Μήνας)Νοέμβριος;(Έτος)2006</subfield>
   <subfield code="y">23</subfield>
  </datafield>
  <datafield tag="852" ind1=" " ind2=" ">
   <subfield code="a">INST</subfield>
   <subfield code="b">UNIPILB</subfield>
   <subfield code="c">SERIALS</subfield>
   <subfield code="e">20070116</subfield>
   <subfield code="h">Αλφαβητική σειρά</subfield>
   <subfield code="p">54101</subfield>
   <subfield code="q">54101</subfield>
   <subfield code="t">NOLOAN</subfield>
   <subfield code="v">τεύχ.469:(Μήνας)Δεκέμβριος;(Έτος)2006</subfield>
   <subfield code="y">23</subfield>
  </datafield>
  <datafield tag="852" ind1=" " ind2=" ">
   <subfield code="a">INST</subfield>
   <subfield code="b">UNIPILB</subfield>
   <subfield code="c">SERIALS</subfield>
   <subfield code="e">20070118</subfield>
   <subfield code="h">Αλφαβητική σειρά</subfield>
   <subfield code="p">54171</subfield>
   <subfield code="q">54171</subfield>
   <subfield code="t">NOLOAN</subfield>
   <subfield code="v">τεύχ.470:(Μήνας)Ιανουάριος;(Έτος)2007</subfield>
   <subfield code="y">23</subfield>
  </datafield>
  <datafield tag="852" ind1=" " ind2=" ">
   <subfield code="a">INST</subfield>
   <subfield code="b">UNIPILB</subfield>
   <subfield code="c">SERIALS</subfield>
   <subfield code="e">20070216</subfield>
   <subfield code="h">Αλφαβητική σειρά</subfield>
   <subfield code="p">54788</subfield>
   <subfield code="q">54788</subfield>
   <subfield code="t">NOLOAN</subfield>
   <subfield code="v">τεύχ.471:(Μήνας)Φεβρουάριος;(Έτος)2007</subfield>
   <subfield code="y">23</subfield>
  </datafield>
  <datafield tag="852" ind1=" " ind2=" ">
   <subfield code="a">INST</subfield>
   <subfield code="b">UNIPILB</subfield>
   <subfield code="c">SERIALS</subfield>
   <subfield code="e">20070315</subfield>
   <subfield code="h">Αλφαβητική σειρά</subfield>
   <subfield code="p">54978</subfield>
   <subfield code="q">54978</subfield>
   <subfield code="t">NOLOAN</subfield>
   <subfield code="v">τεύχ.472:(Μήνας)Μάρτιος;(Έτος)2007</subfield>
   <subfield code="y">23</subfield>
  </datafield>
  <datafield tag="852" ind1=" " ind2=" ">
   <subfield code="a">INST</subfield>
   <subfield code="b">UNIPILB</subfield>
   <subfield code="c">SERIALS</subfield>
   <subfield code="e">20070418</subfield>
   <subfield code="h">Αλφαβητική σειρά</subfield>
   <subfield code="p">55360</subfield>
   <subfield code="q">55360</subfield>
   <subfield code="t">NOLOAN</subfield>
   <subfield code="v">τεύχ.473:(Μήνας)Απρίλιος;(Έτος)2007</subfield>
   <subfield code="y">23</subfield>
  </datafield>
  <datafield tag="852" ind1=" " ind2=" ">
   <subfield code="a">INST</subfield>
   <subfield code="b">UNIPILB</subfield>
   <subfield code="c">SERIALS</subfield>
   <subfield code="e">20070514</subfield>
   <subfield code="h">Αλφαβητική σειρά</subfield>
   <subfield code="p">55605</subfield>
   <subfield code="q">55605</subfield>
   <subfield code="t">NOLOAN</subfield>
   <subfield code="v">τεύχ.474:(Μήνας)Μάιος;(Έτος)2007</subfield>
   <subfield code="y">23</subfield>
  </datafield>
  <datafield tag="852" ind1=" " ind2=" ">
   <subfield code="a">INST</subfield>
   <subfield code="b">UNIPILB</subfield>
   <subfield code="c">SERIALS</subfield>
   <subfield code="e">20070612</subfield>
   <subfield code="h">Αλφαβητική σειρά</subfield>
   <subfield code="p">55925</subfield>
   <subfield code="q">55925</subfield>
   <subfield code="t">NOLOAN</subfield>
   <subfield code="v">τεύχ.475:(Μήνας)Ιούνιος;(Έτος)2007</subfield>
   <subfield code="y">23</subfield>
  </datafield>
  <datafield tag="852" ind1=" " ind2=" ">
   <subfield code="a">INST</subfield>
   <subfield code="b">UNIPILB</subfield>
   <subfield code="c">SERIALS</subfield>
   <subfield code="e">20070718</subfield>
   <subfield code="h">Αλφαβητική σειρά</subfield>
   <subfield code="p">56337</subfield>
   <subfield code="q">56337</subfield>
   <subfield code="t">NOLOAN</subfield>
   <subfield code="v">τεύχ.476:(Μήνες)Ιούλ./Αύγ.;(Έτος)2007</subfield>
   <subfield code="y">23</subfield>
  </datafield>
  <datafield tag="852" ind1=" " ind2=" ">
   <subfield code="a">INST</subfield>
   <subfield code="b">UNIPILB</subfield>
   <subfield code="c">SERIALS</subfield>
   <subfield code="e">20071016</subfield>
   <subfield code="h">Αλφαβητική σειρά</subfield>
   <subfield code="p">57587</subfield>
   <subfield code="q">57587</subfield>
   <subfield code="t">NOLOAN</subfield>
   <subfield code="v">τεύχ.477:(Μήνας)Σεπτέμβριος;(Έτος)2007</subfield>
   <subfield code="y">23</subfield>
  </datafield>
  <datafield tag="852" ind1=" " ind2=" ">
   <subfield code="a">INST</subfield>
   <subfield code="b">UNIPILB</subfield>
   <subfield code="c">SERIALS</subfield>
   <subfield code="e">20071016</subfield>
   <subfield code="h">Αλφαβητική σειρά</subfield>
   <subfield code="p">57588</subfield>
   <subfield code="q">57588</subfield>
   <subfield code="t">NOLOAN</subfield>
   <subfield code="v">τεύχ.478:(Μήνας)Οκτώβριος;(Έτος)2007</subfield>
   <subfield code="y">23</subfield>
  </datafield>
  <datafield tag="852" ind1=" " ind2=" ">
   <subfield code="a">INST</subfield>
   <subfield code="b">UNIPILB</subfield>
   <subfield code="c">SERIALS</subfield>
   <subfield code="e">20071113</subfield>
   <subfield code="h">Αλφαβητική σειρά</subfield>
   <subfield code="p">58353</subfield>
   <subfield code="q">58353</subfield>
   <subfield code="t">NOLOAN</subfield>
   <subfield code="v">τεύχ.479:(Μήνας)Νοέμβριος;(Έτος)2007</subfield>
   <subfield code="y">23</subfield>
  </datafield>
  <datafield tag="852" ind1=" " ind2=" ">
   <subfield code="a">INST</subfield>
   <subfield code="b">UNIPILB</subfield>
   <subfield code="c">SERIALS</subfield>
   <subfield code="e">20080116</subfield>
   <subfield code="h">Αλφαβητική σειρά</subfield>
   <subfield code="p">59442</subfield>
   <subfield code="q">59442</subfield>
   <subfield code="t">NOLOAN</subfield>
   <subfield code="v">τεύχ.480:(Μήνας)Δεκέμβριος;(Έτος)2007</subfield>
   <subfield code="y">23</subfield>
  </datafield>
  <datafield tag="852" ind1=" " ind2=" ">
   <subfield code="a">INST</subfield>
   <subfield code="b">UNIPILB</subfield>
   <subfield code="c">SERIALS</subfield>
   <subfield code="e">20080116</subfield>
   <subfield code="h">Αλφαβητική σειρά</subfield>
   <subfield code="p">59443</subfield>
   <subfield code="q">59443</subfield>
   <subfield code="t">NOLOAN</subfield>
   <subfield code="v">τεύχ.481:(Μήνας)Ιανουάριος;(Έτος)2008</subfield>
   <subfield code="y">23</subfield>
  </datafield>
  <datafield tag="852" ind1=" " ind2=" ">
   <subfield code="a">INST</subfield>
   <subfield code="b">UNIPILB</subfield>
   <subfield code="c">SERIALS</subfield>
   <subfield code="e">20080215</subfield>
   <subfield code="h">Αλφαβητική σειρά</subfield>
   <subfield code="p">59727</subfield>
   <subfield code="q">59727</subfield>
   <subfield code="t">NOLOAN</subfield>
   <subfield code="v">τεύχ.482:(Μήνας)Φεβρουάριος;(Έτος)2008</subfield>
   <subfield code="y">23</subfield>
  </datafield>
  <datafield tag="852" ind1=" " ind2=" ">
   <subfield code="a">INST</subfield>
   <subfield code="b">UNIPILB</subfield>
   <subfield code="c">SERIALS</subfield>
   <subfield code="e">20080404</subfield>
   <subfield code="h">Αλφαβητική σειρά</subfield>
   <subfield code="p">60459</subfield>
   <subfield code="q">60459</subfield>
   <subfield code="t">NOLOAN</subfield>
   <subfield code="v">τεύχ.483:(Μήνας)Μάρτιος;(Έτος)2008</subfield>
   <subfield code="y">23</subfield>
  </datafield>
  <datafield tag="852" ind1=" " ind2=" ">
   <subfield code="a">INST</subfield>
   <subfield code="b">UNIPILB</subfield>
   <subfield code="c">SERIALS</subfield>
   <subfield code="e">20080417</subfield>
   <subfield code="h">Αλφαβητική σειρά</subfield>
   <subfield code="p">60545</subfield>
   <subfield code="q">60545</subfield>
   <subfield code="t">NOLOAN</subfield>
   <subfield code="v">τεύχ.484:(Μήνας)Απρίλιος;(Έτος)2008</subfield>
   <subfield code="y">23</subfield>
  </datafield>
  <datafield tag="852" ind1=" " ind2=" ">
   <subfield code="a">INST</subfield>
   <subfield code="b">UNIPILB</subfield>
   <subfield code="c">SERIALS</subfield>
   <subfield code="e">20080520</subfield>
   <subfield code="h">Αλφαβητική σειρά</subfield>
   <subfield code="p">60614</subfield>
   <subfield code="q">60614</subfield>
   <subfield code="t">NOLOAN</subfield>
   <subfield code="v">τεύχ.485:(Μήνας)Μάιος;(Έτος)2008</subfield>
   <subfield code="y">23</subfield>
  </datafield>
  <datafield tag="852" ind1=" " ind2=" ">
   <subfield code="a">INST</subfield>
   <subfield code="b">UNIPILB</subfield>
   <subfield code="c">SERIALS</subfield>
   <subfield code="e">20080709</subfield>
   <subfield code="h">Αλφαβητική σειρά</subfield>
   <subfield code="p">60973</subfield>
   <subfield code="q">60973</subfield>
   <subfield code="t">NOLOAN</subfield>
   <subfield code="v">τεύχ.486:(Μήνας)Ιούνιος;(Έτος)2008</subfield>
   <subfield code="y">23</subfield>
  </datafield>
  <datafield tag="852" ind1=" " ind2=" ">
   <subfield code="a">INST</subfield>
   <subfield code="b">UNIPILB</subfield>
   <subfield code="c">SERIALS</subfield>
   <subfield code="e">20080717</subfield>
   <subfield code="h">Αλφαβητική σειρά</subfield>
   <subfield code="p">61086</subfield>
   <subfield code="q">61086</subfield>
   <subfield code="t">NOLOAN</subfield>
   <subfield code="v">τεύχ.487:(Μήνες)Ιούλ./Αύγ.;(Έτος)2008</subfield>
   <subfield code="y">23</subfield>
  </datafield>
  <datafield tag="852" ind1=" " ind2=" ">
   <subfield code="a">INST</subfield>
   <subfield code="b">UNIPILB</subfield>
   <subfield code="c">SERIALS</subfield>
   <subfield code="e">20080908</subfield>
   <subfield code="h">Αλφαβητική σειρά</subfield>
   <subfield code="p">61427</subfield>
   <subfield code="q">61427</subfield>
   <subfield code="t">NOLOAN</subfield>
   <subfield code="v">τεύχ.488:(Μήνας)Σεπτέμβριος;(Έτος)2008</subfield>
   <subfield code="y">23</subfield>
  </datafield>
  <datafield tag="852" ind1=" " ind2=" ">
   <subfield code="a">INST</subfield>
   <subfield code="b">UNIPILB</subfield>
   <subfield code="c">SERIALS</subfield>
   <subfield code="e">20081029</subfield>
   <subfield code="h">Αλφαβητική σειρά</subfield>
   <subfield code="p">61858</subfield>
   <subfield code="q">61858</subfield>
   <subfield code="t">NOLOAN</subfield>
   <subfield code="v">τεύχ.489:(Μήνας)Οκτώβριος;(Έτος)2008</subfield>
   <subfield code="y">23</subfield>
  </datafield>
  <datafield tag="852" ind1=" " ind2=" ">
   <subfield code="a">INST</subfield>
   <subfield code="b">UNIPILB</subfield>
   <subfield code="c">SERIALS</subfield>
   <subfield code="e">20081118</subfield>
   <subfield code="h">Αλφαβητική σειρά</subfield>
   <subfield code="p">62074</subfield>
   <subfield code="q">62074</subfield>
   <subfield code="t">NOLOAN</subfield>
   <subfield code="v">τεύχ.490:(Μήνας)Νοέμβριος;(Έτος)2008</subfield>
   <subfield code="y">23</subfield>
  </datafield>
  <datafield tag="852" ind1=" " ind2=" ">
   <subfield code="a">INST</subfield>
   <subfield code="b">UNIPILB</subfield>
   <subfield code="c">SERIALS</subfield>
   <subfield code="e">20090210</subfield>
   <subfield code="h">Αλφαβητική σειρά</subfield>
   <subfield code="p">62831</subfield>
   <subfield code="q">62831</subfield>
   <subfield code="t">NOLOAN</subfield>
   <subfield code="v">τεύχ.491:(Μήνας)Δεκέμβριος;(Έτος)2008</subfield>
   <subfield code="y">23</subfield>
  </datafield>
  <datafield tag="852" ind1=" " ind2=" ">
   <subfield code="a">INST</subfield>
   <subfield code="b">UNIPILB</subfield>
   <subfield code="c">SERIALS</subfield>
   <subfield code="e">20090216</subfield>
   <subfield code="h">Αλφαβητική σειρά</subfield>
   <subfield code="p">62918</subfield>
   <subfield code="q">62918</subfield>
   <subfield code="t">NOLOAN</subfield>
   <subfield code="v">τεύχ.492:(Μήνας)Ιανουάριος;(Έτος)2009</subfield>
   <subfield code="y">23</subfield>
  </datafield>
  <datafield tag="852" ind1=" " ind2=" ">
   <subfield code="a">INST</subfield>
   <subfield code="b">UNIPILB</subfield>
   <subfield code="c">SERIALS</subfield>
   <subfield code="e">20090225</subfield>
   <subfield code="h">Αλφαβητική σειρά</subfield>
   <subfield code="p">63164</subfield>
   <subfield code="q">63164</subfield>
   <subfield code="t">NOLOAN</subfield>
   <subfield code="v">τεύχ.493:(Μήνας)Φεβρουάριος;(Έτος)2009</subfield>
   <subfield code="y">23</subfield>
  </datafield>
  <datafield tag="852" ind1=" " ind2=" ">
   <subfield code="a">INST</subfield>
   <subfield code="b">UNIPILB</subfield>
   <subfield code="c">SERIALS</subfield>
   <subfield code="e">20090313</subfield>
   <subfield code="h">Αλφαβητική σειρά</subfield>
   <subfield code="p">63491</subfield>
   <subfield code="q">63491</subfield>
   <subfield code="t">NOLOAN</subfield>
   <subfield code="v">τεύχ.494:(Μήνας)Μάρτιος;(Έτος)2009</subfield>
   <subfield code="y">23</subfield>
  </datafield>
  <datafield tag="852" ind1=" " ind2=" ">
   <subfield code="a">INST</subfield>
   <subfield code="b">UNIPILB</subfield>
   <subfield code="c">SERIALS</subfield>
   <subfield code="e">20090710</subfield>
   <subfield code="h">Αλφαβητική σειρά</subfield>
   <subfield code="p">64390</subfield>
   <subfield code="q">64390</subfield>
   <subfield code="t">NOLOAN</subfield>
   <subfield code="v">τεύχ.496:(Μήνας)Μάιος;(Έτος)2009</subfield>
   <subfield code="y">23</subfield>
  </datafield>
  <datafield tag="852" ind1=" " ind2=" ">
   <subfield code="a">INST</subfield>
   <subfield code="b">UNIPILB</subfield>
   <subfield code="c">SERIALS</subfield>
   <subfield code="e">20090710</subfield>
   <subfield code="h">Αλφαβητική σειρά</subfield>
   <subfield code="p">64400</subfield>
   <subfield code="q">64400</subfield>
   <subfield code="t">NOLOAN</subfield>
   <subfield code="v">τεύχ.498:(Μήνες)Ιούλ./Αύγ.;(Έτος)2009</subfield>
   <subfield code="y">23</subfield>
  </datafield>
  <datafield tag="852" ind1=" " ind2=" ">
   <subfield code="a">INST</subfield>
   <subfield code="b">UNIPILB</subfield>
   <subfield code="c">SERIALS</subfield>
   <subfield code="e">20090710</subfield>
   <subfield code="h">Αλφαβητική σειρά</subfield>
   <subfield code="p">64401</subfield>
   <subfield code="q">64401</subfield>
   <subfield code="t">NOLOAN</subfield>
   <subfield code="v">τεύχ.495:(Μήνας)Απρίλιος;(Έτος)2009</subfield>
   <subfield code="y">23</subfield>
  </datafield>
  <datafield tag="852" ind1=" " ind2=" ">
   <subfield code="a">INST</subfield>
   <subfield code="b">UNIPILB</subfield>
   <subfield code="c">SERIALS</subfield>
   <subfield code="e">20090710</subfield>
   <subfield code="h">Αλφαβητική σειρά</subfield>
   <subfield code="p">64402</subfield>
   <subfield code="q">64402</subfield>
   <subfield code="t">NOLOAN</subfield>
   <subfield code="v">τεύχ.497:(Μήνας)Ιούνιος;(Έτος)2009</subfield>
   <subfield code="y">23</subfield>
  </datafield>
  <datafield tag="852" ind1=" " ind2=" ">
   <subfield code="a">INST</subfield>
   <subfield code="b">UNIPILB</subfield>
   <subfield code="c">SERIALS</subfield>
   <subfield code="e">20100217</subfield>
   <subfield code="h">Αλφαβητική σειρά</subfield>
   <subfield code="p">66907</subfield>
   <subfield code="q">66907</subfield>
   <subfield code="t">NOLOAN</subfield>
   <subfield code="v">τεύχ.499:(Μήνας)Σεπτέμβριος;(Έτος)2009</subfield>
   <subfield code="y">23</subfield>
  </datafield>
  <datafield tag="852" ind1=" " ind2=" ">
   <subfield code="a">INST</subfield>
   <subfield code="b">UNIPILB</subfield>
   <subfield code="c">SERIALS</subfield>
   <subfield code="e">20100217</subfield>
   <subfield code="h">Αλφαβητική σειρά</subfield>
   <subfield code="p">66908</subfield>
   <subfield code="q">66908</subfield>
   <subfield code="t">NOLOAN</subfield>
   <subfield code="v">τεύχ.500:(Μήνας)Οκτώβριος;(Έτος)2009</subfield>
   <subfield code="y">23</subfield>
  </datafield>
  <datafield tag="852" ind1=" " ind2=" ">
   <subfield code="a">INST</subfield>
   <subfield code="b">UNIPILB</subfield>
   <subfield code="c">SERIALS</subfield>
   <subfield code="e">20100217</subfield>
   <subfield code="h">Αλφαβητική σειρά</subfield>
   <subfield code="p">66909</subfield>
   <subfield code="q">66909</subfield>
   <subfield code="t">NOLOAN</subfield>
   <subfield code="v">τεύχ.501:(Μήνας)Νοέμβριος;(Έτος)2009</subfield>
   <subfield code="y">23</subfield>
  </datafield>
  <datafield tag="852" ind1=" " ind2=" ">
   <subfield code="a">INST</subfield>
   <subfield code="b">UNIPILB</subfield>
   <subfield code="c">SERIALS</subfield>
   <subfield code="e">20100217</subfield>
   <subfield code="h">Αλφαβητική σειρά</subfield>
   <subfield code="p">66910</subfield>
   <subfield code="q">66910</subfield>
   <subfield code="t">NOLOAN</subfield>
   <subfield code="v">τεύχ.502:(Μήνας)Δεκέμβριος;(Έτος)2009</subfield>
   <subfield code="y">23</subfield>
  </datafield>
  <datafield tag="852" ind1=" " ind2=" ">
   <subfield code="a">INST</subfield>
   <subfield code="b">UNIPILB</subfield>
   <subfield code="c">SERIALS</subfield>
   <subfield code="e">20100217</subfield>
   <subfield code="h">Αλφαβητική σειρά</subfield>
   <subfield code="p">66911</subfield>
   <subfield code="q">66911</subfield>
   <subfield code="t">NOLOAN</subfield>
   <subfield code="v">τεύχ.503:(Μήνας)Ιανουάριος;(Έτος)2010</subfield>
   <subfield code="y">23</subfield>
  </datafield>
  <datafield tag="852" ind1=" " ind2=" ">
   <subfield code="a">INST</subfield>
   <subfield code="b">UNIPILB</subfield>
   <subfield code="c">SERIALS</subfield>
   <subfield code="e">20100308</subfield>
   <subfield code="h">Αλφαβητική σειρά</subfield>
   <subfield code="p">67263</subfield>
   <subfield code="q">67263</subfield>
   <subfield code="t">NOLOAN</subfield>
   <subfield code="v">τεύχ.504:(Μήνας)Φεβρουάριος;(Έτος)2010</subfield>
   <subfield code="y">23</subfield>
  </datafield>
  <datafield tag="852" ind1=" " ind2=" ">
   <subfield code="a">INST</subfield>
   <subfield code="b">UNIPILB</subfield>
   <subfield code="c">SERIALS</subfield>
   <subfield code="e">20100316</subfield>
   <subfield code="h">Αλφαβητική σειρά</subfield>
   <subfield code="p">67736</subfield>
   <subfield code="q">67736</subfield>
   <subfield code="t">NOLOAN</subfield>
   <subfield code="v">τεύχ.505:(Μήνας)Μάρτιος;(Έτος)2010</subfield>
   <subfield code="y">23</subfield>
  </datafield>
  <datafield tag="852" ind1=" " ind2=" ">
   <subfield code="a">INST</subfield>
   <subfield code="b">UNIPILB</subfield>
   <subfield code="c">SERIALS</subfield>
   <subfield code="e">20100429</subfield>
   <subfield code="h">Αλφαβητική σειρά</subfield>
   <subfield code="p">67984</subfield>
   <subfield code="q">67984</subfield>
   <subfield code="t">NOLOAN</subfield>
   <subfield code="v">τεύχ.506:(Μήνας)Απρίλιος;(Έτος)2010</subfield>
   <subfield code="y">23</subfield>
  </datafield>
  <datafield tag="852" ind1=" " ind2=" ">
   <subfield code="a">INST</subfield>
   <subfield code="b">UNIPILB</subfield>
   <subfield code="c">SERIALS</subfield>
   <subfield code="e">20100521</subfield>
   <subfield code="h">Αλφαβητική σειρά</subfield>
   <subfield code="p">68183</subfield>
   <subfield code="q">68183</subfield>
   <subfield code="t">NOLOAN</subfield>
   <subfield code="v">τεύχ.507:(Μήνας)Μάιος;(Έτος)2010</subfield>
   <subfield code="y">23</subfield>
  </datafield>
  <datafield tag="852" ind1=" " ind2=" ">
   <subfield code="a">INST</subfield>
   <subfield code="b">UNIPILB</subfield>
   <subfield code="c">SERIALS</subfield>
   <subfield code="e">20100617</subfield>
   <subfield code="h">Αλφαβητική σειρά</subfield>
   <subfield code="p">68480</subfield>
   <subfield code="q">68480</subfield>
   <subfield code="t">NOLOAN</subfield>
   <subfield code="v">τεύχ.508:(Μήνας)Ιούνιος;(Έτος)2010</subfield>
   <subfield code="y">23</subfield>
  </datafield>
  <datafield tag="852" ind1=" " ind2=" ">
   <subfield code="a">INST</subfield>
   <subfield code="b">UNIPILB</subfield>
   <subfield code="c">SERIALS</subfield>
   <subfield code="e">20100720</subfield>
   <subfield code="h">Αλφαβητική σειρά</subfield>
   <subfield code="p">69574</subfield>
   <subfield code="q">69574</subfield>
   <subfield code="t">NOLOAN</subfield>
   <subfield code="v">τεύχ.509:(Μήνες)Ιούλ./Αύγ.;(Έτος)2010</subfield>
   <subfield code="y">23</subfield>
  </datafield>
  <datafield tag="852" ind1=" " ind2=" ">
   <subfield code="a">INST</subfield>
   <subfield code="b">UNIPILB</subfield>
   <subfield code="c">SERIALS</subfield>
   <subfield code="e">20101110</subfield>
   <subfield code="h">Αλφαβητική σειρά</subfield>
   <subfield code="p">70506</subfield>
   <subfield code="q">70506</subfield>
   <subfield code="t">NOLOAN</subfield>
   <subfield code="v">τεύχ.511:(Μήνας)Οκτώβριος;(Έτος)2010</subfield>
   <subfield code="y">23</subfield>
  </datafield>
  <datafield tag="852" ind1=" " ind2=" ">
   <subfield code="a">INST</subfield>
   <subfield code="b">UNIPILB</subfield>
   <subfield code="c">SERIALS</subfield>
   <subfield code="e">20101112</subfield>
   <subfield code="h">Αλφαβητική σειρά</subfield>
   <subfield code="p">70570</subfield>
   <subfield code="q">70570</subfield>
   <subfield code="t">NOLOAN</subfield>
   <subfield code="v">τεύχ.512:(Μήνας)Νοέμβριος;(Έτος)2010</subfield>
   <subfield code="y">23</subfield>
  </datafield>
  <datafield tag="852" ind1=" " ind2=" ">
   <subfield code="a">INST</subfield>
   <subfield code="b">UNIPILB</subfield>
   <subfield code="c">SERIALS</subfield>
   <subfield code="e">20101122</subfield>
   <subfield code="h">Αλφαβητική σειρά</subfield>
   <subfield code="p">70623</subfield>
   <subfield code="q">70623</subfield>
   <subfield code="t">NOLOAN</subfield>
   <subfield code="v">τεύχ.510:(Μήνας)Σεπτέμβριος;(Έτος)2010</subfield>
   <subfield code="y">23</subfield>
  </datafield>
  <datafield tag="852" ind1=" " ind2=" ">
   <subfield code="a">INST</subfield>
   <subfield code="b">UNIPILB</subfield>
   <subfield code="c">SERIALS</subfield>
   <subfield code="e">20101221</subfield>
   <subfield code="h">Αλφαβητική σειρά</subfield>
   <subfield code="p">70747</subfield>
   <subfield code="q">70747</subfield>
   <subfield code="t">NOLOAN</subfield>
   <subfield code="v">τεύχ.513:(Μήνας)Δεκέμβριος;(Έτος)2010</subfield>
   <subfield code="y">23</subfield>
  </datafield>
  <datafield tag="852" ind1=" " ind2=" ">
   <subfield code="a">INST</subfield>
   <subfield code="b">UNIPILB</subfield>
   <subfield code="c">SERIALS</subfield>
   <subfield code="e">20110121</subfield>
   <subfield code="h">Αλφαβητική σειρά</subfield>
   <subfield code="p">70880</subfield>
   <subfield code="q">70880</subfield>
   <subfield code="t">NOLOAN</subfield>
   <subfield code="v">τεύχ.514:(Μήνας)Ιανουάριος;(Έτος)2011</subfield>
   <subfield code="y">23</subfield>
  </datafield>
  <datafield tag="852" ind1=" " ind2=" ">
   <subfield code="a">INST</subfield>
   <subfield code="b">UNIPILB</subfield>
   <subfield code="c">SERIALS</subfield>
   <subfield code="e">20111021</subfield>
   <subfield code="h">Αλφαβητική σειρά</subfield>
   <subfield code="p">73060</subfield>
   <subfield code="q">73060</subfield>
   <subfield code="t">NOLOAN</subfield>
   <subfield code="v">τεύχ.522:(Μήνας)Οκτώβριος;(Έτος)2011</subfield>
   <subfield code="y">23</subfield>
  </datafield>
  <datafield tag="852" ind1=" " ind2=" ">
   <subfield code="a">INST</subfield>
   <subfield code="b">UNIPILB</subfield>
   <subfield code="c">SERIALS</subfield>
   <subfield code="e">20111021</subfield>
   <subfield code="h">Αλφαβητική σειρά</subfield>
   <subfield code="p">73061</subfield>
   <subfield code="q">73061</subfield>
   <subfield code="t">NOLOAN</subfield>
   <subfield code="v">τεύχ.515:(Μήνας)Φεβρουάριος;(Έτος)2011</subfield>
   <subfield code="y">23</subfield>
  </datafield>
  <datafield tag="852" ind1=" " ind2=" ">
   <subfield code="a">INST</subfield>
   <subfield code="b">UNIPILB</subfield>
   <subfield code="c">SERIALS</subfield>
   <subfield code="e">20120208</subfield>
   <subfield code="h">Αλφαβητική σειρά</subfield>
   <subfield code="p">74398</subfield>
   <subfield code="q">74398</subfield>
   <subfield code="t">NOLOAN</subfield>
   <subfield code="v">τεύχ.516:(Μήνας)Μάρτιος;(Έτος)2011</subfield>
   <subfield code="y">23</subfield>
  </datafield>
  <datafield tag="852" ind1=" " ind2=" ">
   <subfield code="a">INST</subfield>
   <subfield code="b">UNIPILB</subfield>
   <subfield code="c">SERIALS</subfield>
   <subfield code="e">20120208</subfield>
   <subfield code="h">Αλφαβητική σειρά</subfield>
   <subfield code="p">74399</subfield>
   <subfield code="q">74399</subfield>
   <subfield code="t">NOLOAN</subfield>
   <subfield code="v">τεύχ.517:(Μήνας)Απρίλιος;(Έτος)2011</subfield>
   <subfield code="y">23</subfield>
  </datafield>
  <datafield tag="852" ind1=" " ind2=" ">
   <subfield code="a">INST</subfield>
   <subfield code="b">UNIPILB</subfield>
   <subfield code="c">SERIALS</subfield>
   <subfield code="e">20120208</subfield>
   <subfield code="h">Αλφαβητική σειρά</subfield>
   <subfield code="p">74400</subfield>
   <subfield code="q">74400</subfield>
   <subfield code="t">NOLOAN</subfield>
   <subfield code="v">τεύχ.518:(Μήνας)Μάιος;(Έτος)2011</subfield>
   <subfield code="y">23</subfield>
  </datafield>
  <datafield tag="852" ind1=" " ind2=" ">
   <subfield code="a">INST</subfield>
   <subfield code="b">UNIPILB</subfield>
   <subfield code="c">SERIALS</subfield>
   <subfield code="e">20120208</subfield>
   <subfield code="h">Αλφαβητική σειρά</subfield>
   <subfield code="p">74401</subfield>
   <subfield code="q">74401</subfield>
   <subfield code="t">NOLOAN</subfield>
   <subfield code="v">τεύχ.519:(Μήνας)Ιούνιος;(Έτος)2011</subfield>
   <subfield code="y">23</subfield>
  </datafield>
  <datafield tag="852" ind1=" " ind2=" ">
   <subfield code="a">INST</subfield>
   <subfield code="b">UNIPILB</subfield>
   <subfield code="c">SERIALS</subfield>
   <subfield code="e">20120208</subfield>
   <subfield code="h">Αλφαβητική σειρά</subfield>
   <subfield code="p">74402</subfield>
   <subfield code="q">74402</subfield>
   <subfield code="t">NOLOAN</subfield>
   <subfield code="v">τεύχ.520:(Μήνες)Ιούλ./Αύγ.;(Έτος)2011</subfield>
   <subfield code="y">23</subfield>
  </datafield>
  <datafield tag="852" ind1=" " ind2=" ">
   <subfield code="a">INST</subfield>
   <subfield code="b">UNIPILB</subfield>
   <subfield code="c">SERIALS</subfield>
   <subfield code="e">20120208</subfield>
   <subfield code="h">Αλφαβητική σειρά</subfield>
   <subfield code="p">74403</subfield>
   <subfield code="q">74403</subfield>
   <subfield code="t">NOLOAN</subfield>
   <subfield code="v">τεύχ.521:(Μήνας)Σεπτέμβριος;(Έτος)2011</subfield>
   <subfield code="y">23</subfield>
  </datafield>
  <datafield tag="852" ind1=" " ind2=" ">
   <subfield code="a">INST</subfield>
   <subfield code="b">UNIPILB</subfield>
   <subfield code="c">SERIALS</subfield>
   <subfield code="e">20120208</subfield>
   <subfield code="h">Αλφαβητική σειρά</subfield>
   <subfield code="p">74404</subfield>
   <subfield code="q">74404</subfield>
   <subfield code="t">NOLOAN</subfield>
   <subfield code="v">τεύχ.523:(Μήνας)Νοέμβριος;(Έτος)2011</subfield>
   <subfield code="y">23</subfield>
  </datafield>
  <datafield tag="852" ind1=" " ind2=" ">
   <subfield code="a">INST</subfield>
   <subfield code="b">UNIPILB</subfield>
   <subfield code="c">SERIALS</subfield>
   <subfield code="e">20120208</subfield>
   <subfield code="h">Αλφαβητική σειρά</subfield>
   <subfield code="p">74405</subfield>
   <subfield code="q">74405</subfield>
   <subfield code="t">NOLOAN</subfield>
   <subfield code="v">τεύχ.524:(Μήνας)Δεκέμβριος;(Έτος)2011</subfield>
   <subfield code="y">23</subfield>
  </datafield>
  <datafield tag="852" ind1=" " ind2=" ">
   <subfield code="a">INST</subfield>
   <subfield code="b">UNIPILB</subfield>
   <subfield code="c">SERIALS</subfield>
   <subfield code="e">20120208</subfield>
   <subfield code="h">Αλφαβητική σειρά</subfield>
   <subfield code="p">74406</subfield>
   <subfield code="q">74406</subfield>
   <subfield code="t">NOLOAN</subfield>
   <subfield code="v">τεύχ.525:(Μήνας)Ιανουάριος;(Έτος)2012</subfield>
   <subfield code="y">23</subfield>
  </datafield>
  <datafield tag="852" ind1=" " ind2=" ">
   <subfield code="a">INST</subfield>
   <subfield code="b">UNIPILB</subfield>
   <subfield code="c">SERIALS</subfield>
   <subfield code="e">20120214</subfield>
   <subfield code="h">Αλφαβητική σειρά</subfield>
   <subfield code="p">74487</subfield>
   <subfield code="q">74487</subfield>
   <subfield code="t">NOLOAN</subfield>
   <subfield code="v">τεύχ.526:(Μήνας)Φεβρουάριος;(Έτος)2012</subfield>
   <subfield code="y">23</subfield>
  </datafield>
  <datafield tag="852" ind1=" " ind2=" ">
   <subfield code="a">INST</subfield>
   <subfield code="b">UNIPILB</subfield>
   <subfield code="c">SERIALS</subfield>
   <subfield code="e">20120314</subfield>
   <subfield code="h">Αλφαβητική σειρά</subfield>
   <subfield code="p">74878</subfield>
   <subfield code="q">74878</subfield>
   <subfield code="t">NOLOAN</subfield>
   <subfield code="v">τεύχ.527:(Μήνας)Μάρτιος;(Έτος)2012</subfield>
   <subfield code="y">23</subfield>
  </datafield>
  <datafield tag="852" ind1=" " ind2=" ">
   <subfield code="a">INST</subfield>
   <subfield code="b">UNIPILB</subfield>
   <subfield code="c">SERIALS</subfield>
   <subfield code="e">20120426</subfield>
   <subfield code="h">Αλφαβητική σειρά</subfield>
   <subfield code="p">75315</subfield>
   <subfield code="q">75315</subfield>
   <subfield code="t">NOLOAN</subfield>
   <subfield code="v">τεύχ.528:(Μήνας)Απρίλιος;(Έτος)2012</subfield>
   <subfield code="y">23</subfield>
  </datafield>
  <datafield tag="852" ind1=" " ind2=" ">
   <subfield code="a">INST</subfield>
   <subfield code="b">UNIPILB</subfield>
   <subfield code="c">SERIALS</subfield>
   <subfield code="e">20120517</subfield>
   <subfield code="h">Αλφαβητική σειρά</subfield>
   <subfield code="p">75452</subfield>
   <subfield code="q">75452</subfield>
   <subfield code="t">NOLOAN</subfield>
   <subfield code="v">τεύχ.529:(Μήνας)Μάιος;(Έτος)2012</subfield>
   <subfield code="y">23</subfield>
  </datafield>
  <datafield tag="852" ind1=" " ind2=" ">
   <subfield code="a">INST</subfield>
   <subfield code="b">UNIPILB</subfield>
   <subfield code="c">SERIALS</subfield>
   <subfield code="e">20120620</subfield>
   <subfield code="h">Αλφαβητική σειρά</subfield>
   <subfield code="p">75791</subfield>
   <subfield code="q">75791</subfield>
   <subfield code="t">NOLOAN</subfield>
   <subfield code="v">τεύχ.530:(Μήνας)Ιούνιος;(Έτος)2012</subfield>
   <subfield code="y">23</subfield>
  </datafield>
  <datafield tag="852" ind1=" " ind2=" ">
   <subfield code="a">INST</subfield>
   <subfield code="b">UNIPILB</subfield>
   <subfield code="c">SERIALS</subfield>
   <subfield code="e">20120829</subfield>
   <subfield code="h">Αλφαβητική σειρά</subfield>
   <subfield code="p">76336</subfield>
   <subfield code="q">76336</subfield>
   <subfield code="t">NOLOAN</subfield>
   <subfield code="v">τεύχ.531:(Μήνες)Ιούλ./Αύγ.;(Έτος)2012</subfield>
   <subfield code="y">23</subfield>
  </datafield>
  <datafield tag="856" ind1="4" ind2="1">
   <subfield code="u">http://www.diavazo.gr/</subfield>
  </datafield>
  <datafield tag="900" ind1=" " ind2=" ">
   <subfield code="a">Τχ. 532 (Σεπτέμβριος 2012)</subfield>
   <subfield code="b">Οφειλόμενο</subfield>
   <subfield code="c">04/12/2012</subfield>
  </datafield>
  <datafield tag="950" ind1=" " ind2=" ">
   <subfield code="a">01/01/2004</subfield>
   <subfield code="c">ΓΑΒΑΛΑΣ ΓΕΩΡΓΙΟΣ &amp; ΣΙΑ Ε.Ε.</subfield>
   <subfield code="d">7</subfield>
  </datafield>
  <datafield tag="951" ind1=" " ind2=" ">
   <subfield code="a">Τχ. 531 (Ιούλ./Αύγ. 2012)</subfield>
   <subfield code="b">Main run</subfield>
  </datafield>
  <datafield tag="951" ind1=" " ind2=" ">
   <subfield code="a">Τχ.143(Μάϊος 1986) -  (τχ.(Δεκ. 1987)</subfield>
   <subfield code="b">Main run</subfield>
  </datafield>
  <datafield tag="951" ind1=" " ind2=" ">
   <subfield code="a">Τχ.(Ιούλ. 1992) -  (τχ.446 Δεκ. 2003)</subfield>
   <subfield code="b">Main run</subfield>
  </datafield>
  <datafield tag="951" ind1=" " ind2=" ">
   <subfield code="a">Τχ. 447 (Ιανουάριος 2004)</subfield>
   <subfield code="b">Main run</subfield>
  </datafield>
  <datafield tag="951" ind1=" " ind2=" ">
   <subfield code="a">Τχ. 448 (Φεβρουάριος 2004) - Τχ. 452 (Ιούνιος 2004)</subfield>
   <subfield code="b">Main run</subfield>
  </datafield>
  <datafield tag="951" ind1=" " ind2=" ">
   <subfield code="a">Τχ. 453 (Ιούλ./Αύγ. 2004)</subfield>
   <subfield code="b">Main run</subfield>
  </datafield>
  <datafield tag="951" ind1=" " ind2=" ">
   <subfield code="a">Τχ. 454 (Σεπτέμβριος 2004) - Τχ. 457 (Δεκέμβριος 2004)</subfield>
   <subfield code="b">Main run</subfield>
  </datafield>
  <datafield tag="951" ind1=" " ind2=" ">
   <subfield code="a">Τχ. 459 (Ιανουάριος 2006) - Τχ. 464 (Ιούνιος 2006)</subfield>
   <subfield code="b">Main run</subfield>
  </datafield>
  <datafield tag="951" ind1=" " ind2=" ">
   <subfield code="a">Τχ. 465 (Ιούλ./Αύγ. 2006)</subfield>
   <subfield code="b">Main run</subfield>
  </datafield>
  <datafield tag="951" ind1=" " ind2=" ">
   <subfield code="a">Τχ. 466 (Σεπτέμβριος 2006) - Τχ. 475 (Ιούνιος 2007)</subfield>
   <subfield code="b">Main run</subfield>
  </datafield>
  <datafield tag="951" ind1=" " ind2=" ">
   <subfield code="a">Τχ. 476 (Ιούλ./Αύγ. 2007)</subfield>
   <subfield code="b">Main run</subfield>
  </datafield>
  <datafield tag="951" ind1=" " ind2=" ">
   <subfield code="a">Τχ. 477 (Σεπτέμβριος 2007) - Τχ. 486 (Ιούνιος 2008)</subfield>
   <subfield code="b">Main run</subfield>
  </datafield>
  <datafield tag="951" ind1=" " ind2=" ">
   <subfield code="a">Τχ. 487 (Ιούλ./Αύγ. 2008)</subfield>
   <subfield code="b">Main run</subfield>
  </datafield>
  <datafield tag="951" ind1=" " ind2=" ">
   <subfield code="a">Τχ. 488 (Σεπτέμβριος 2008) - Τχ. 497 (Ιούνιος 2009)</subfield>
   <subfield code="b">Main run</subfield>
  </datafield>
  <datafield tag="951" ind1=" " ind2=" ">
   <subfield code="a">Τχ. 498 (Ιούλ./Αύγ. 2009)</subfield>
   <subfield code="b">Main run</subfield>
  </datafield>
  <datafield tag="951" ind1=" " ind2=" ">
   <subfield code="a">Τχ. 499 (Σεπτέμβριος 2009) - Τχ. 508 (Ιούνιος 2010)</subfield>
   <subfield code="b">Main run</subfield>
  </datafield>
  <datafield tag="951" ind1=" " ind2=" ">
   <subfield code="a">Τχ. 509 (Ιούλ./Αύγ. 2010)</subfield>
   <subfield code="b">Main run</subfield>
  </datafield>
  <datafield tag="951" ind1=" " ind2=" ">
   <subfield code="a">Τχ. 510 (Σεπτέμβριος 2010) - Τχ. 519 (Ιούνιος 2011)</subfield>
   <subfield code="b">Main run</subfield>
  </datafield>
  <datafield tag="951" ind1=" " ind2=" ">
   <subfield code="a">Τχ. 520 (Ιούλ./Αύγ. 2011)</subfield>
   <subfield code="b">Main run</subfield>
  </datafield>
  <datafield tag="951" ind1=" " ind2=" ">
   <subfield code="a">Τχ. 521 (Σεπτέμβριος 2011) - Τχ. 530 (Ιούνιος 2012)</subfield>
   <subfield code="b">Main run</subfield>
  </datafield>
  <datafield tag="952" ind1=" " ind2=" ">
   <subfield code="a">(144-150)1986,(Απριλ.-Ιουν.)1987,(359-362)1996,(379)1997,(409)2000,(415,416)2001</subfield>
  </datafield>
 </record>
</collection>
